Vietnam : Technical Assistance Report-National Accounts Statistics Mission.

At the request of the General Statistics Office (GSO) of Vietnam, a technical assistance mission helped with the measurement of the non-observed economy in national accounts. This was part of a series of missions to support the compilation of a new national accounts benchmark for 2020 and publish re...

Mô tả đầy đủ

Chi tiết về thư mục
Tác giả của công ty: International Monetary Fund. Statistics Dept
Định dạng: Tạp chí
Ngôn ngữ:English
Được phát hành: Washington, D.C. : International Monetary Fund, 2022.
Loạt:IMF Staff Country Reports; Country Report ; No. 2022/313
Những chủ đề:
Truy cập trực tuyến:Full text available on IMF
LEADER 01747cas a2200289 a 4500
001 AALejournalIMF023234
008 230101c9999 xx r poo 0 0eng d
020 |a 9798400221323 
020 |c 20.00 USD 
022 |a 1934-7685 
040 |a BD-DhAAL  |c BD-DhAAL 
110 2 |a International Monetary Fund.  |b Statistics Dept. 
245 1 0 |a Vietnam :   |b Technical Assistance Report-National Accounts Statistics Mission. 
264 1 |a Washington, D.C. :  |b International Monetary Fund,  |c 2022. 
300 |a 1 online resource (14 pages) 
490 1 |a IMF Staff Country Reports 
500 |a <strong>Off-Campus Access:</strong> No User ID or Password Required 
500 |a <strong>On-Campus Access:</strong> No User ID or Password Required 
506 |a Electronic access restricted to authorized BRAC University faculty, staff and students 
520 3 |a At the request of the General Statistics Office (GSO) of Vietnam, a technical assistance mission helped with the measurement of the non-observed economy in national accounts. This was part of a series of missions to support the compilation of a new national accounts benchmark for 2020 and publish rebased estimates in March 2023. This mission was funded by the IMF's Data for Decisions project with the overall goal of putting more and better data in the hands of decision-makers. 
538 |a Mode of access: Internet 
650 7 |a International Agreements and Observance  |2 imf 
650 7 |a International Organizations  |2 imf 
650 7 |a Monetary Policy  |2 imf 
651 7 |a Vietnam  |2 imf 
830 0 |a IMF Staff Country Reports; Country Report ;  |v No. 2022/313 
856 4 0 |z Full text available on IMF  |u https://elibrary.imf.org/openurl?genre=journal&issn=1934-7685&volume=2022&issue=313  |z IMF e-Library